| 000 | 02799am aa2200469i 44500 | ||
|---|---|---|---|
| 003 | PE-LiUPU | ||
| 005 | 20251030103728.0 | ||
| 008 | 1909s2019 sp#a rb 001 0 spa d | ||
| 020 |
_a9788491102793 _q(versión impresa + versión digital) |
||
| 020 |
_a9788491102809 _q(versión digital) |
||
| 035 | _aPE-LiUPU000058 | ||
| 040 |
_aPE-LiUPU _bspa _cPE-LiUPU _erda |
||
| 082 | 0 | 4 |
_a615.1 _223 _bS697f |
| 100 |
_aSomoza Hernández, Beatriz, _eautora. _97494 |
||
| 245 | 1 | 0 |
_aFarmacología en enfermería : _bteoría y casos prácticos / _cpor Beatriz Somoza Hernández, María Victoria Cano González y Pedro Guerra López. |
| 250 | _a2.ª edición. | ||
| 264 | 1 |
_aMadrid : _bEditorial Médica Panamericana, _c2019 (reimpresión digital, marzo 2023). |
|
| 300 |
_a266 páginas : _bilustraciones, tablas ; _c27 cm + _e1 versión digital complementaria. |
||
| 336 |
_atexto _btxt _2rdacontent |
||
| 337 |
_asin mediación _bn _2rdamedia |
||
| 338 |
_avolumen _bnc _2rdacarrier |
||
| 500 | _aIncluye casos prácticos interactivos y autoevaluaciones en línea. | ||
| 500 | _aDepósito legal: M-29747-2019. | ||
| 500 | _aPrimera edición, marzo 2012; segunda edición, 2019; primera reimpresión digital, marzo 2023. | ||
| 504 | _aIncluye referencias bibliográficas y recursos web recomendados. | ||
| 505 | 0 | _aFarmacología general -- Farmacología de órganos y sistemas -- Farmacología en situaciones críticas -- índice Analítico. | |
| 520 | _aManual actualizado que integra los fundamentos teóricos de la farmacología con su aplicación práctica en enfermería. Presenta casos clínicos, parámetros farmacocinéticos, errores frecuentes de medicación y guías para la administración segura de fármacos en pacientes críticos. Recurso de referencia para estudiantes y profesionales de enfermería. | ||
| 546 | _aTexto en español. | ||
| 650 | 1 | 4 |
_aFarmacología _xEstudio y enseñanza. _97495 |
| 650 | 2 | 4 |
_aMedicamentos _xAdministración _97497 |
| 650 | 2 | 4 |
_aErrores de medicación _xPrevención. _97498 |
| 650 | 2 | 4 |
_aCuidados intensivos _xFarmacología aplicada. _97499 |
| 650 | 2 | 4 |
_aEducación en enfermería _xMateriales de enseñanza. _97500 |
| 655 | 7 |
_aManuales universitarios _2rdfs |
|
| 700 |
_aCano González, María Victoria, _eautora. _97501 |
||
| 700 |
_aGuerra López, Pedro, _eautor. _97502 |
||
| 710 |
_aEditorial Médica Panamericana, _eeditor. _96616 |
||
| 856 | 4 | 0 |
_uhttps://www.medicapanamericana.com/libros/farmacologia-en-enfermeria-teoria-y-casos-practicos _zAcceso a la versión digital y materiales complementarios. |
| 942 |
_2ddc _cBK |
||
| 980 |
_621515 _aROMINA COBOS Adquisiciones _818226 _gJaime Vilcazán Jefe de Análisis Documental |
||
| 999 |
_c63138 _d63137 |
||